000 00732cam a22002533a 4500
001 14882
003 PGUSA
005 20140828083322.0
008 050202s2005||||xxu|||||s|||||000 1 eng d
040 _aPGUSA
_beng
042 _adc
050 4 _aPZ
100 1 _aWallace, Dillon,
_d1863-1939
245 1 0 _aBobby of the Labrador
_h[electronic resource] /
_cDillon Wallace
260 _bProject Gutenberg,
_c2005
506 _aPublic domain in the USA.
516 _aElectronic text
653 _aVoyages and travels -- Juvenile fiction
653 _aAdventure stories
653 _aPolar regions -- Juvenile fiction
830 0 _aProject Gutenberg
_v14882
856 4 0 _uhttp://www.gutenberg.org/ebooks/14882
942 _cEB
999 _c244137
_d244137